000 00849nam a2200229 a 4500
001 54468
003 BD-RjUL
005 20211209080127.0
008 161107s1975 bg ||||| |||| 00| 0 ben d
020 _c: TK 6.00
035 _a(BD-RjUL)54590
040 _aBD-RjUL
_bben
_cBD-RjUL
041 _aben
082 _223
_a491.09
_bCHB 1975
100 _a আহমদ ছফা
_9162514
245 1 0 _aবাংলাভাষা : রাজনীতির আলোকে /
_cআহমদ ছফা
260 _aঢাকা :
_bমাওলা ব্রাদার্স,
_c১৯৭৫ [১৩৮২]
300 _a৭২ পৃ. ;
_c২১ সেমি.
650 _aবাংলা ভাষা
_zইতিহাস ও সমালোচনা
_9162515
650 _aBengali language
_zHistory and criticism
_9162516
942 _2ddc
_cBK
999 _c54468
_d54468